| 000 | 00000nam 2200000zi 4500 |
| 001 | 9.895078 |
| 003 | CaOODSP |
| 005 | 20221107173926 |
| 006 | m o d f |
| 007 | cr mn||||||||| |
| 008 | 210106t20212021qucab ob f001 0 eng d |
| 020 | |a9780660370569 |
| 040 | |aCaOODSP|beng|erda|cCaOODSP |
| 043 | |an-cn--- |
| 045 | |av5y2 |
| 086 | 1 |aSE3-36/2021E-PDF |
| 245 | 02|aA history of the vote in Canada. |
| 250 | |aThird edition. |
| 264 | 1|aGatineau, Quebec : |bElections Canada, |c[2021] |
| 264 | 4|c©2021 |
| 300 | |a1 online resource (196 pages) : |billustrations (some colour), colour maps |
| 336 | |atext|btxt|2rdacontent |
| 337 | |acomputer|bc|2rdamedia |
| 338 | |aonline resource|bcr|2rdacarrier |
| 500 | |aIssued also in French under title: L'histoire du vote au Canada. |
| 500 | |a"EC 91135 (12/2020)." |
| 500 | |aIssued also in HTML format. |
| 504 | |aIncludes bibliographical references (pages 183-186) and index. |
| 520 | |a"This publication presents a fascinating account of the struggles and reforms that have shaped Canada's electoral system from pre-Confederation times to the present day. Originally researched and published in 1997 and updated in 2007, this third edition – issued in conjunction with Elections Canada's 100th anniversary in 2020 – includes important legislative and administrative developments that have taken place over the past decade and a half, providing researchers and educators with a current chronology of the franchise and voting practices in Canada"--Provided by publisher. |
| 610 | 10|aCanada. |bParliament|xElections|xHistory. |
| 650 | 0|aElections|zCanada|xHistory. |
| 650 | 0|aVoting|zCanada|xHistory. |
| 650 | 0|aSuffrage|zCanada|xHistory. |
| 710 | 2 |aElections Canada, |eissuing body. |
| 775 | 08|tL'histoire du vote au Canada.|w(CaOODSP)9.895079 |
| 776 | 0#|tA history of the vote in Canada. |w(CaOODSP)9.895081 |
| 795 | |tA history of the vote in Canada |w(CaOODSP)9.690429 |
| 856 | 40|qPDF|s7.81 MB|uhttps://publications.gc.ca/collections/collection_2021/elections/SE3-36-2021-eng.pdf |
| 856 | 4 |qHTML|sN/A|uhttps://www.elections.ca/content.aspx?section=res&dir=his&document=toc&lang=e |